Online
Catalog

La estructura de las clases / (Record no. 20679)

MARC details
000 -CABECERA
campo de control de longitud fija 01158nam a2200313 u 4500
001 - NÚMERO DE CONTROL
campo de control 000021178
005 - FECHA Y HORA DE LA ÚLTIMA TRANSACCIÓN
campo de control 20200930011245.0
008 - DATOS DE LONGITUD FIJA--INFORMACIÓN GENERAL
campo de control de longitud fija 100901s1970 ve a r 000 | spa d
040 ## - FUENTE DE LA CATALOGACIÓN
Centro catalogador/agencia de origen DO-SdBNP
Lengua de catalogación spa
Centro/agencia transcriptor BNPHU
082 ## - NÚMERO DE LA CLASIFICACIÓN DECIMAL DEWEY
Número de clasificación xxx
Número de documento/Ítem E82d
049 ## - FONDOS LOCALES (OCLC)
Fondos de biblioteca BNGR
245 10 - MENCIÓN DE TÍTULO
Título La estructura de las clases /
Mención de responsabilidad, etc. Kingsley Davis...[et al.], traducción de Alicia Dujovne Ortíz; introducción Gláucio Ary Dillon Soares.
260 ## - PUBLICACIÓN, DISTRIBUCIÓN, ETC.
Lugar de publicación, distribución, etc. Caracas :
Nombre del editor, distribuidor, etc. Tiempo Nuevo,
Fecha de publicación, distribución, etc. 1970.
300 ## - DESCRIPCIÓN FÍSICA
Extensión 207 p. , :
Otras características físicas il. ;
Dimensiones 20 cm.
490 ## - MENCIÓN DE SERIE
Mención de serie Labor;
Designación de volumen o secuencia 23
500 ## - NOTA GENERAL
Nota general Incluye índice de nombres
500 ## - NOTA GENERAL
Nota general Incluye referencias bibliográficas al pie de páginas
534 ## - NOTA SOBRE LA VERSIÓN ORIGINAL
Encabezamiento principal del original Título de la obra original :
Mención de título del original La trame géologique de l'histoire humaine
700 1# - PUNTO DE ACCESO ADICIONAL--NOMBRE DE PERSONA
Nombre de persona Dujovne Ortíz, Alicia
Término indicativo de función/relación tr.
9 (RLIN) 44271
700 1# - PUNTO DE ACCESO ADICIONAL--NOMBRE DE PERSONA
Nombre de persona Dillon Soares, Gláucio Ary
Término indicativo de función/relación introd.
9 (RLIN) 44272
700 1# - PUNTO DE ACCESO ADICIONAL--NOMBRE DE PERSONA
Nombre de persona Moore, Wilbert E.
9 (RLIN) 44273
700 1# - PUNTO DE ACCESO ADICIONAL--NOMBRE DE PERSONA
Nombre de persona Bendix, Reinhard
9 (RLIN) 44274
700 1# - PUNTO DE ACCESO ADICIONAL--NOMBRE DE PERSONA
Nombre de persona Ossowski, Stanislaw
9 (RLIN) 44275
700 1# - PUNTO DE ACCESO ADICIONAL--NOMBRE DE PERSONA
Nombre de persona Pirenne, Henri
9 (RLIN) 44276
700 1# - PUNTO DE ACCESO ADICIONAL--NOMBRE DE PERSONA
Nombre de persona Brutzkus, Boris
9 (RLIN) 44277
700 1# - PUNTO DE ACCESO ADICIONAL--NOMBRE DE PERSONA
Nombre de persona Fallers, Lloyd A.
9 (RLIN) 44278
700 1# - PUNTO DE ACCESO ADICIONAL--NOMBRE DE PERSONA
Nombre de persona Lipset, Seymour Martin
9 (RLIN) 44279
700 1# - PUNTO DE ACCESO ADICIONAL--NOMBRE DE PERSONA
Nombre de persona Eberhard, Wolfram
9 (RLIN) 44280
Holdings
Estado de retiro Estado de pérdida Restricciones de uso No para préstamo Código de colección Localización permanente Ubicación/localización actual Ubicación en estantería Fecha de adquisición Número de inventario Total de préstamos Signatura topográfica completa Código de barras Fecha visto por última vez Precio válido a partir de Tipo de ítem Koha
      Excluido de préstamo Monografías: Libros y Folletos General General En catalogación 01.09.2010 LF1   xxx E82d 21178-10 25.06.2020 25.06.2020 No se presta

Powered by Koha